000
00191nam a2200085Ia 4500
008
170620s9999 xx 000 0 und d
100
_a
KAPOOR-S.K
245
0
_a
CONTRACT- II
260
_b
CENTRAL LAW AGENCY
260
_c
2016
999
_c
30505
_d
30505